Микроэкономическая теория. Кн. 2 (Запись № 11974717)

Подробности
000 -МАРКЕР
контрольное поле 01772nam2a2200265 i 4500
001 - ИДЕНТИФИКАТОР ЗАПИСИ
контрольное поле RU\NLR\BIBL_A\011211425
005 - ИДЕНТИФИКАТОР ВЕРСИИ
контрольное поле 20240729095249.0
010 ## - МЕЖДУНАРОДНЫЙ СТАНДАРТНЫЙ НОМЕР КНИГИ (ISBN)
Номер (ISBN) 9785774911059
Уточнения Кн. 2
Тираж 2000
021 ## - НОМЕР ГОСУДАРСТВЕННОЙ РЕГИСТРАЦИИ
Код страны Российская Федерация
Номер 2016-65641
Номер Листа государственной регистраци 4201
035 ## - ДРУГИЕ СИСТЕМНЫЕ НОМЕРА
Идентификатор записи (NLR Aleph) 011211425
100 ## - ДАННЫЕ ОБЩЕЙ ОБРАБОТКИ
Данные общей обработки 20160912d2016 k y0rusy50 ca
101 0# - ЯЗЫК РЕСУРСА
Язык текста, звукозаписи и т.д. русский
102 ## - СТРАНА ПУБЛИКАЦИИ ИЛИ ПРОИЗВОДСТВА
Страна публикации Российская Федерация
105 ## - ПОЛЕ КОДИРОВАННЫХ ДАННЫХ: ТЕКСТОВЫЕ МАТЕРИАЛЫ, МОНОГРАФИЧЕСКИЕ
Кодированные данные о монографическом текстовом документе z 001 y
200 0# - ЗАГЛАВИЕ И СВЕДЕНИЯ ОБ ОТВЕТСТВЕННОСТИ
Основное заглавие Кн. 2
Первые сведения об ответственности [пер.: Юрий Автономов и др.]
210 ## - ПУБЛИКАЦИЯ, РАСПРОСТРАНЕНИЕ И ДР.
Дата издания, распространения и т.д. 2016
215 ## - ФИЗИЧЕСКАЯ ХАРАКТЕРИСТИКА
Специфическое обозначение материала и объем XV, [I], [1], 713-1332, [1] с.
Другие сведения о физической характеристике ил.
320 ## - ПРИМЕЧАНИЯ О НАЛИЧИИ В ДОКУМЕНТЕ БИБЛИОГРАФИИ / УКАЗАТЕЛЯ
Текст примечания Библиогр. в конце глав
320 ## - ПРИМЕЧАНИЯ О НАЛИЧИИ В ДОКУМЕНТЕ БИБЛИОГРАФИИ / УКАЗАТЕЛЯ
Текст примечания Предм. указ.: с. 1293-1333
461 #0 - УРОВЕНЬ НАБОРА
Встроенное поле 001RU\NLR\BIBL_A\011216822
-- 2001#$aМикроэкономическая теория$dMicroeconomic theory$eучебник для студентов ВПО экономических направлений$fАндреу Мас-Колелл, Майкл Д. Уинстон, Джерри Р. Грин$gпер. с англ. под науч. ред. М.И. Левина и Е.В. Покатович$g[РАНХиГС - Рос. акад. народ. хоз-ва и гос. службы при Президенте Рос. Федерации]$zeng$vКн. 2
-- 700#1$aМас-Колелл$bА.
Системный номер (АБИС) связанной записи 12001546
Автор Мас-Колелл, А. (экономист ; 1944-)
Место публикации Москва
Дата публикации 2016
Первые сведения об ответственности Андреу Мас-Колелл, Майкл Д. Уинстон, Джерри Р. Грин
Параллельное заглавие Microeconomic theory
Имя издателя, распространителя и т.д. Дело
Сведения, относящиеся к заглавию учебник для студентов ВПО экономических направлений
Заглавие Микроэкономическая теория
ISBN 9785774909636
Номер тома Кн. 2
942 ## - ДОПОЛНИТЕЛЬНЫЕ ЭЛЕМЕНТЫ ЗАПИСИ (АБИС)
Тип экземпляра АБИС Книга
980 ## - КОЛЛЕКЦИЯ
Название коллекции НБР

Нет доступных экземпляров.